000 01630cam a2200445 4500
003 PE-LiUPU
005 20250731173001.0
020 _a0310216540
035 _a(Sirsi) i9780310216544
035 _a(Sirsi) 22573
035 _a(Sirsi) 22573
041 _aen
044 _aus
082 0 4 _a262.0017
_bM12
100 1 _aMcLaren, Brian D.
_c1956-
245 _aReinventing your church /
_cBrian D. McLaren.
264 1 _aGrand Rapids, Michigan :
_bZondervan Publishing House,
_c1998
300 _a223 páginas ;
_c20 cm.
504 _aIncluye bibliografía
505 0 _aMaximize discontinuity -- Redefine your mission -- Practice systems thinking -- Trade up your traditios -- Resurrect theology as art and science -- Design a new apologetic -- Learn a new rhetoric -- Abandon structures as they are outgrown -- Save the leaders -- Subsume missions in mission -- Look ahead, farther ahead -- Enter the postmodern world -- Add to this list.
526 _aSEG42
526 _aSEG41
526 _aSEG40
526 _aSEG39
526 _aP94
526 _aP87
526 _aP86
526 _aP85
526 _aP77
526 _aP76
526 _aP35
650 1 4 _aRenovación de la Iglesia
942 _2ddc
_cBOOK
949 _a262.0017 M12
_i45536
_lPOSTGRADO
_mBUL
_tLIBRO
_o.STAFF. Posgrado
859 _q45536
_h262.0017
_iM12
910 _aaj-op
596 _a1
999 _a262.0017 M12
_wDEWEY
_c22398
_i45536
_f2021-11-10
_g5
_lCCODEBUL1
_mBUL
_r0
_sY
_tBOOK
_u2015-6-24
_xTEOLOGIA
_PP35
_0COMPRA
_o.STAFF. Colección General
_d22398
980 _81
_gALBERTO SANCHEZ Responsable de Automatización